000 00971cam a22003257a 4500
003 CHAP
005 20220817043827.0
008 020325d2000 es r 00110 spa d
010 _a85501
011 _a86473
020 _a8436814266
035 _a97011
040 _cCHAP
082 0 4 _a333.7
_bC3
100 0 0 _aCalomarde, José V.
_917567
245 1 0 _aMarketing ecológico
_c/por José V. Calomarde
260 _aMadrid ;
_bPiramide,
_c2000.
300 _a237 p.
590 _aBATCH-UPD
_b10
_c20130110
_lUCH01
_h0622
590 _aBATCH-UPD
_b10
_c20130410
_lUCH01
_h0304
590 _aBATCH-UPD
_b10
_c20130914
_lUCH01
_h0819
590 _aCONVERSION
_b10
_c20130109
_lUCH01
_h1347
650 1 4 _aAgricultura
_xAspectos económicos.
650 1 4 _aEcología.
_935134
650 1 4 _aEconomía ecológica.
_935272
901 _aBK
905 _aMayto Villalobos S.
942 _cLIBRO
949 _a333.7 C3
_bBC
_cLIBRO
_d33724000865994
_eLIBRO
_h102224
_i97011
_si
_t$147.00
999 _c85501
_d85501